EMAS extended to all construction (Record no. 67119)
[ view plain ]
| 000 -LEADER | |
|---|---|
| fixed length control field | 00931cam a2200205 4500 |
| 001 - CONTROL NUMBER | |
| control field | WB3720-05 |
| 008 - FIXED-LENGTH DATA ELEMENTS--GENERAL INFORMATION | |
| fixed length control field | 000000n2001 000 0 eng u |
| 035 ## - SYSTEM CONTROL NUMBER | |
| System control number | (Sirsi) u112729 |
| 245 ## - TITLE STATEMENT | |
| Title | EMAS extended to all construction |
| 260 ## - PUBLICATION, DISTRIBUTION, ETC. | |
| Date of publication, distribution, etc. | 2001 |
| 490 ## - SERIES STATEMENT | |
| Series statement | Construction Monitor |
| Volume/sequential designation | May 2001, 6(1) |
| 520 ## - SUMMARY, ETC. | |
| Summary, etc. | Changes made to EMAS, the EU voluntary environmental registration scheme, will allow all construction companies to participate. Organisations with multiple sites can now apply for corporate registration providing that the requirements of the regulation have been met on all sites. More information on the scheme can be found on the EMAS website at http://www.emas.org.uk; Tel: +44 (0)1522 54006. |
| 590 ## - LOCAL NOTE (RLIN) | |
| Local note | WB |
| 650 ## - SUBJECT ADDED ENTRY--TOPICAL TERM | |
| Topical term or geographic name entry element | CONSTRUCTION INDUSTRY |
| 650 ## - SUBJECT ADDED ENTRY--TOPICAL TERM | |
| Topical term or geographic name entry element | EMAS |
| 650 ## - SUBJECT ADDED ENTRY--TOPICAL TERM | |
| Topical term or geographic name entry element | ENVIRONMENTAL PERFORMANCE |
| 650 ## - SUBJECT ADDED ENTRY--TOPICAL TERM | |
| Topical term or geographic name entry element | SUSTAINABLE CONSTRUCTION |
| 690 ## - LOCAL SUBJECT ADDED ENTRY--TOPICAL TERM (OCLC, RLIN) | |
| Topical term or geographic name as entry element | BUILDING AND CONSTRUCTION-SUSTAINABLE |
| 942 ## - ADDED ENTRY ELEMENTS (KOHA) | |
| Suppress in OPAC | 0 |
| Withdrawn status | Lost status | Source of classification or shelving scheme | Damaged status | Not for loan | Home library | Current library | Shelving location | Date acquired | Total Checkouts | Full call number | Barcode | Date last seen | Copy number | Price effective from | Koha item type |
|---|---|---|---|---|---|---|---|---|---|---|---|---|---|---|---|
| Dewey Decimal Classification | London | London | News article | 23/05/2001 | WB3720-05 | 112729-1001 | 06/08/2019 | 1 | 06/08/2019 | News article |